[Event "Rated Blitz tournament VHYgLeDv"]
[Site "?"]
[Date "2021.01.06"]
[Round "?"]
[White "Starinov"]
[Black "Siebenschlaefer"]
[Result "1-0"]
[WhiteElo "2403"]
[BlackElo "2311"]
[PlyCount "141"]
[EventDate "2021.??.??"]
[EventType "blitz"]
[TimeControl "180"]

1. e4 e5 2. Nf3 Nc6 3. Nc3 Nf6 4. Nxe5 Nxe5 5. d4 Nc6 6. d5 Nb8 7. e5 Ng8 8. d6
c6 9. Bc4 Qh4 10. Qe2 g6 11. O-O Bg7 12. f4 Nh6 13. Be3 O-O 14. h3 Nf5 15. Ne4
Nxe3 16. Qxe3 b6 17. Rf3 Ba6 18. Bb3 c5 19. Kh2 c4 20. g3 Qd8 21. g4 cxb3 22.
axb3 Bb7 23. g5 Bxe4 24. Qxe4 Nc6 25. h4 h6 26. Re1 Re8 27. Qd5 hxg5 28. hxg5
Re6 29. c3 Qc8 30. b4 Qb7 31. Rfe3 Rae8 32. Kg3 Na5 33. Qa2 Nc6 34. Qc4 Qc8 35.
Qd5 Qb7 36. b3 Qa8 37. b5 Ne7 38. Qxa8 Nf5+ 39. Kf3 Rxa8 40. Rd3 Rc8 41. c4 Rc5
42. Ra1 Bxe5 43. fxe5 Rcxe5 44. Rxa7 Re3+ 45. Rxe3 Rxe3+ 46. Kf4 Rxb3 47. Rxd7
Kg7 48. Rb7 Rd3 49. d7 Nd6 50. Rxb6 Nxc4 51. Rc6 Rxd7 52. Rxc4 Rb7 53. Rb4 f6
54. Ke4 fxg5 55. Kd5 Kf6 56. Kc6 Kf5 57. Kxb7 g4 58. Kc6 g3 59. Rb2 g2 60. Rxg2
Kf4 61. Rxg6 Kf5 62. Rd6 Ke5 63. Rd1 Ke4 64. b6 Ke3 65. b7 Ke2 66. Rd7 Kf3 67.
b8=Q Ke4 68. Qe8+ Kf5 69. Rf7+ Kg6 70. Qg8+ Kh6 71. Rh7# {Normal} 1-0

[Event "Rated Blitz game"]
[Site "?"]
[Date "2021.01.06"]
[Round "?"]
[White "vladlitus"]
[Black "BTR-07"]
[Result "0-1"]
[WhiteElo "2364"]
[BlackElo "2492"]
[PlyCount "42"]
[EventDate "2021.??.??"]
[EventType "blitz"]
[TimeControl "180"]

1. e4 e5 2. Nc3 Nc6 3. Nf3 Nf6 4. Nxe5 Nxe5 5. d4 Ng6 6. e5 Ng8 7. Bc4 c6 8.
Qe2 Be7 9. f4 d5 10. exd6 Qxd6 11. Be3 Nf6 12. O-O Nh4 13. h3 Nf5 14. Qd2 Nxe3
15. Qxe3 O-O 16. Rad1 Re8 17. g4 Bd8 18. Qf3 Bb6 19. Ne2 Be6 20. Bb3 Bd5 21.
Qg3 Rxe2 {Normal} 0-1

[Event "Rated Blitz game"]
[Site "?"]
[Date "2021.01.06"]
[Round "?"]
[White "Smetanov_N"]
[Black "Hillsofbills"]
[Result "0-1"]
[WhiteElo "2379"]
[BlackElo "2485"]
[PlyCount "46"]
[EventDate "2021.??.??"]
[EventType "blitz"]
[TimeControl "180+2"]

1. e4 e5 2. Nf3 Nc6 3. Nc3 Nf6 4. Nxe5 Nxe5 5. d4 Bd6 6. dxe5 Bxe5 7. Bd3 d6 8.
O-O O-O 9. Bg5 h6 10. Bh4 Qe8 11. Qe2 Qc6 12. f4 Bd4+ 13. Kh1 Bg4 14. Qe1 Bxc3
15. bxc3 Nh7 16. Qg3 Bd7 17. Rab1 a6 18. e5 Kh8 19. f5 dxe5 20. f6 g5 21. Bxh7
Kxh7 22. Bxg5 Rg8 23. Qd3+ e4 {Time forfeit} 0-1

[Event "Rated Blitz game"]
[Site "?"]
[Date "2021.01.06"]
[Round "?"]
[White "Rauchbach"]
[Black "bowery_22"]
[Result "0-1"]
[WhiteElo "2402"]
[BlackElo "2265"]
[PlyCount "50"]
[EventDate "2021.??.??"]
[EventType "blitz"]
[TimeControl "180"]

1. e4 e5 2. Nf3 Nc6 3. Nc3 Nf6 4. Nxe5 Nxe5 5. d4 Ng6 6. e5 Ng8 7. Bc4 d5 8.
Bxd5 N8e7 9. Bb3 c6 10. Ne4 Nf5 11. Be3 Be6 12. c4 Bb4+ 13. Ke2 Be7 14. g4 Nxe3
15. Kxe3 Bg5+ 16. Nxg5 Qxg5+ 17. Kd3 O-O-O 18. Kc3 Bxg4 19. Qe1 Nf4 20. a4 Ne2+
21. Kb4 Nxd4 22. Bd1 Bxd1 23. Qxd1 Rhe8 24. Re1 Qf4 25. Ra3 c5+ {Normal} 0-1

[Event "Rated Rapid game"]
[Site "?"]
[Date "2021.01.06"]
[Round "?"]
[White "khalid_ontawar"]
[Black "MassterofMayhem"]
[Result "1-0"]
[WhiteElo "2261"]
[BlackElo "2466"]
[PlyCount "51"]
[EventDate "2021.??.??"]
[EventType "rapid"]
[TimeControl "15+20"]

1. e4 e5 2. Nc3 Nf6 3. Nf3 Nc6 4. Nxe5 Nxe5 5. d4 Ng6 6. e5 Ng8 7. Bc4 d6 8.
Qf3 Qd7 9. O-O Qf5 10. Bb5+ Kd8 11. Qd1 c6 12. Bd3 Qg4 13. Be2 Qh4 14. f4 Bf5
15. Bf3 h5 16. Ne4 Bxe4 17. Bxe4 d5 18. Bd3 Qg4 19. Be2 Qd7 20. f5 N6e7 21. Bd3
Kc7 22. Bf4 Kb6 23. c3 a6 24. Bg5 Nh6 25. Qc2 Ka7 26. b4 {Time forfeit} 1-0

[Event "Rated Blitz tournament jX8BlXdD"]
[Site "?"]
[Date "2021.01.05"]
[Round "?"]
[White "Starinov"]
[Black "Belgiumcat"]
[Result "0-1"]
[WhiteElo "2395"]
[BlackElo "2508"]
[PlyCount "134"]
[EventDate "2021.??.??"]
[EventType "blitz"]
[TimeControl "180"]

1. e4 e5 2. Nf3 Nc6 3. Nc3 Nf6 4. Nxe5 Nxe5 5. d4 Nc6 6. d5 Ne5 7. f4 Bd6 8.
fxe5 Bxe5 9. Qf3 d6 10. Bb5+ Bd7 11. Bxd7+ Qxd7 12. h3 O-O 13. Bd2 Rfe8 14.
O-O-O Bxc3 15. Bxc3 Nxe4 16. g4 Nxc3 17. Qxc3 Re2 18. Rd2 Re5 19. b3 Rae8 20.
Kb2 b6 21. a4 a5 22. Rf1 Qe7 23. Rf3 f6 24. Qc6 Qf7 25. Rc3 R8e7 26. Qa8+ Qf8
27. Qb7 Qd8 28. Rc6 h6 29. Rd3 Rd7 30. Rdc3 Ree7 31. R6c4 Kh7 32. Qa6 Qe8 33.
Rd4 Qg6 34. Qb5 Qg5 35. Qd3+ Qg6 36. Qb5 f5 37. Qf1 Rf7 38. gxf5 Qxf5 39. Qb5
Qe5 40. Rdc4 Rde7 41. Ka2 Rf2 42. Rxc7 Rxc7 43. Rxc7 Qf5 44. Kb2 Qxh3 45. Qd7
Qxd7 46. Rxd7 h5 47. Rxd6 h4 48. Re6 h3 49. Re3 h2 50. Rh3+ Kg6 51. d6 Kf7 52.
Kc3 Ke6 53. Kd3 g5 54. Rh6+ Kd7 55. Ke3 Rxc2 56. Kf3 Rb2 57. Kg4 Rxb3 58. Rxh2
Rb4+ 59. Kxg5 Kxd6 60. Ra2 Kc5 61. Kf5 Kc4 62. Ke5 Kb3 63. Re2 Kxa4 64. Re3 Rb3
65. Rf3 b5 66. Rf4+ b4 67. Rf5 Rc3 {Time forfeit} 0-1

[Event "Rated Blitz game"]
[Site "?"]
[Date "2021.01.03"]
[Round "?"]
[White "Karimbaev_Zinaddin"]
[Black "TimChesters"]
[Result "1-0"]
[WhiteElo "2304"]
[BlackElo "2400"]
[PlyCount "41"]
[EventDate "2021.??.??"]
[EventType "blitz"]
[TimeControl "180+2"]

1. e4 e5 2. Nf3 Nc6 3. Nc3 Nf6 4. Nxe5 Nxe5 5. d4 Nc6 6. e5 Bb4 7. exf6 Qxf6 8.
Be3 d5 9. Be2 O-O 10. O-O Be6 11. Bf3 Ne7 12. Ne2 Bd6 13. Ng3 Ng6 14. Nh5 Qd8
15. g3 c6 16. Re1 Re8 17. Qd2 a5 18. c3 a4 19. Re2 Qc7 20. Rae1 Re7 21. Bh6 {
Time forfeit} 1-0

[Event "Rated Blitz game"]
[Site "?"]
[Date "2021.01.03"]
[Round "?"]
[White "Siarinho"]
[Black "Congoman"]
[Result "0-1"]
[WhiteElo "2416"]
[BlackElo "2343"]
[PlyCount "47"]
[EventDate "2021.??.??"]
[EventType "blitz"]
[TimeControl "180"]

1. e4 e5 2. Nf3 Nf6 3. Nc3 Nc6 4. Nxe5 Nxe5 5. d4 Ng6 6. e5 Ng8 7. f4 d5 8. Bd3
f5 9. O-O Be6 10. g4 Qd7 11. Qf3 fxg4 12. Qg2 N8e7 13. f5 Nxf5 14. Bxf5 Bxf5
15. Nxd5 O-O-O 16. c4 c6 17. Bg5 cxd5 18. Bxd8 Kxd8 19. cxd5 Nh4 20. Qf2 Nf3+
21. Kg2 Qxd5 22. Kg3 Be7 23. Qe3 Bh4+ 24. Kg2 {Normal} 0-1

[Event "Rated Blitz tournament 40ZT4r1y"]
[Site "?"]
[Date "2021.01.03"]
[Round "?"]
[White "vladlitus"]
[Black "czasnaszachy"]
[Result "1-0"]
[WhiteElo "2316"]
[BlackElo "2433"]
[PlyCount "89"]
[EventDate "2021.??.??"]
[EventType "blitz"]
[TimeControl "180"]

1. e4 e5 2. Nc3 Nf6 3. Nf3 Nc6 4. Nxe5 Nxe5 5. d4 Nc6 6. d5 Bb4 7. dxc6 bxc6 8.
Bd3 d5 9. exd5 cxd5 10. O-O O-O 11. Qf3 c6 12. Bg5 Bd6 13. h3 h6 14. Bf4 Rb8
15. b3 Be6 16. Na4 Rb4 17. Bxd6 Qxd6 18. c3 Rbb8 19. Qg3 Qxg3 20. fxg3 Nd7 21.
b4 Rfe8 22. Rfe1 Ra8 23. Kf2 Reb8 24. Rab1 a5 25. b5 c5 26. c4 dxc4 27. Be4 Ra7
28. Bc6 Nb6 29. Nxc5 Bf5 30. Rbd1 c3 31. Rc1 c2 32. g4 Bg6 33. Ne4 Rc7 34. Rxc2
a4 35. Rd2 a3 36. Rd3 Nc4 37. Rc3 Bxe4 38. Rxe4 Nd6 39. Rb4 Nxb5 40. Rxb5 Rxb5
41. Rc2 Rb6 42. Rc3 Rcxc6 43. Rxa3 Ra6 44. Rb3 Rxa2+ 45. Kg3 {Time forfeit} 1-0

[Event "Rated Blitz game"]
[Site "?"]
[Date "2021.01.02"]
[Round "?"]
[White "Ricardo_Airado"]
[Black "AllPawnsNoHope"]
[Result "0-1"]
[WhiteElo "2274"]
[BlackElo "2443"]
[PlyCount "47"]
[EventDate "2021.??.??"]
[EventType "blitz"]
[TimeControl "180"]

1. e4 e5 2. Nf3 Nc6 3. Nc3 Nf6 4. Nxe5 Nxe5 5. d4 Nc6 6. d5 Ne5 7. f4 Ng6 8. e5
Bb4 9. exf6 Qxf6 10. Bd3 O-O 11. O-O Bxc3 12. bxc3 Qxc3 13. Be3 f5 14. d6 cxd6
15. Qf3 Qc6 16. Qh5 b6 17. Rf3 Bb7 18. Rg3 Rae8 19. Bd4 Re4 20. Bxe4 Qxe4 21.
Bc3 Rc8 22. Re1 Qd5 23. Bxg7 Qd2 24. Rge3 {Normal} 0-1

[Event "Rated Blitz game"]
[Site "?"]
[Date "2021.01.01"]
[Round "?"]
[White "MilisegundoBoomCamaa"]
[Black "AllPawnsNoHope"]
[Result "0-1"]
[WhiteElo "2284"]
[BlackElo "2458"]
[PlyCount "74"]
[EventDate "2021.??.??"]
[EventType "blitz"]
[TimeControl "180"]

1. e4 e5 2. Nf3 Nc6 3. Nc3 Nf6 4. Nxe5 Nxe5 5. d4 Ng6 6. e5 Ng8 7. Bc4 f6 8.
Qf3 d5 9. Bxd5 c6 10. Bb3 Qxd4 11. Be3 Qxe5 12. O-O-O Qf5 13. Qe2 Be7 14. Kb1
Be6 15. h3 Bxb3 16. axb3 Nh6 17. g4 Qe5 18. Rhe1 Nf7 19. Qc4 Qc7 20. Bc5 Nge5
21. Qd4 Bxc5 22. Qxc5 b6 23. Qe3 O-O 24. f4 Nd7 25. Qe7 Rad8 26. h4 Rfe8 27.
Qxe8+ Rxe8 28. Rxe8+ Nf8 29. g5 Qxf4 30. gxf6 Qxf6 31. Ne4 Qxh4 32. Rf1 h5 33.
Ka2 Qg4 34. Rxf7 Kxf7 35. Nd6+ Kg8 36. Re4 Qd7 37. Ne8 Ne6 {Normal} 0-1

[Event "Rated Blitz game"]
[Site "?"]
[Date "2021.01.01"]
[Round "?"]
[White "onuur77"]
[Black "elpensionado"]
[Result "1-0"]
[WhiteElo "2519"]
[BlackElo "2456"]
[PlyCount "41"]
[EventDate "2021.??.??"]
[EventType "blitz"]
[TimeControl "180"]

1. e4 e5 2. Nf3 Nc6 3. Nc3 Nf6 4. Nxe5 Nxe5 5. d4 Ng6 6. e5 Ng8 7. Qf3 Bb4 8.
Bc4 Qe7 9. O-O Bxc3 10. bxc3 Nh6 11. Re1 O-O 12. Bd3 d6 13. Ba3 Re8 14. h3 Qg5
15. exd6 Rxe1+ 16. Rxe1 Bd7 17. Qxb7 Re8 18. Rxe8+ Bxe8 19. dxc7 Ne7 20. Qa8
Kf8 21. c8=Q {Normal} 1-0

[Event "Rated Blitz game"]
[Site "?"]
[Date "2021.01.01"]
[Round "?"]
[White "Parkrunner2038"]
[Black "mmc1975"]
[Result "0-1"]
[WhiteElo "2402"]
[BlackElo "2311"]
[PlyCount "90"]
[EventDate "2021.??.??"]
[EventType "blitz"]
[TimeControl "180+2"]

1. e4 Nf6 2. Nc3 e5 3. Nf3 Nc6 4. Nxe5 Nxe5 5. d4 Ng6 6. e5 Ng8 7. Bc4 d6 8.
Qf3 Be6 9. Qxb7 N8e7 10. Nb5 Rc8 11. d5 Nxe5 12. Bb3 Bd7 13. Nxa7 Rb8 14. Qa6
g6 15. O-O Bg7 16. a4 O-O 17. Nb5 Bxb5 18. axb5 Ra8 19. Qxa8 Qxa8 20. Rxa8 Rxa8
21. Re1 Kf8 22. Bd2 Nc8 23. Bc3 Nb6 24. f4 Ng4 25. Bxg7+ Kxg7 26. h3 Nf6 27. c4
Re8 28. Rxe8 Nxe8 29. Kf2 Nf6 30. Ke3 h5 31. g3 Kf8 32. Kd4 Ke7 33. Bc2 h4 34.
g4 Nfd7 35. b4 g5 36. fxg5 Ne5 37. c5 Nbd7 38. Be4 Kd8 39. Bf5 Nf3+ 40. Kc4
Nxg5 41. b6 cxb6 42. c6 Ne5+ 43. Kb5 Kc7 44. Ka6 Nxh3 45. g5 Nxg5 {Normal} 0-1

[Event "Rated Blitz game"]
[Site "?"]
[Date "2021.01.01"]
[Round "?"]
[White "onuur77"]
[Black "Vasenev_Sergey"]
[Result "1-0"]
[WhiteElo "2477"]
[BlackElo "2477"]
[PlyCount "81"]
[EventDate "2021.??.??"]
[EventType "blitz"]
[TimeControl "180"]

1. e4 e5 2. Nf3 Nc6 3. Nc3 Nf6 4. Nxe5 Nxe5 5. d4 Nc6 6. d5 Ne5 7. f4 Ng6 8. e5
Ng8 9. d6 cxd6 10. exd6 Qb6 11. Nb5 Kd8 12. f5 Ne5 13. Bf4 f6 14. Qd2 a6 15.
Be3 Qc6 16. Qa5+ Ke8 17. Nc7+ Kf7 18. Nxa8 Bxd6 19. O-O-O Ne7 20. Nb6 Nxf5 21.
Bf2 Bc7 22. Qd5+ Kg6 23. Nc4 Qxd5 24. Rxd5 b5 25. Nxe5+ Bxe5 26. Bd3 h5 27. h4
d6 28. Be4 Be6 29. Rd3 Kf7 30. Ra3 Bf4+ 31. Kb1 g5 32. Rxa6 g4 33. Bd3 g3 34.
Bb6 Rc8 35. Rf1 Ne3 36. Rxf4 Nxg2 37. Ra7+ Kg8 38. Rxf6 Nxh4 39. Bh7+ Kh8 40.
Rf8+ Rxf8 41. Bd4+ {Normal} 1-0

[Event "Rated Blitz game"]
[Site "?"]
[Date "2021.01.01"]
[Round "?"]
[White "Iranianfighter2"]
[Black "micfel"]
[Result "1-0"]
[WhiteElo "2480"]
[BlackElo "2368"]
[PlyCount "89"]
[EventDate "2021.??.??"]
[EventType "blitz"]
[TimeControl "180"]

1. e4 e5 2. Nf3 Nf6 3. Nc3 Nc6 4. Nxe5 Nxe5 5. d4 Ng6 6. e5 Ng8 7. Bc4 d5 8.
Bxd5 c6 9. Bb3 Be6 10. Bxe6 fxe6 11. O-O N8e7 12. f4 Nf5 13. Ne2 c5 14. c3 cxd4
15. cxd4 h5 16. Qd3 Qd5 17. Bd2 Be7 18. Rac1 O-O 19. Bc3 Qxa2 20. Qf3 h4 21.
Qxb7 Qd5 22. Qxd5 exd5 23. Rf3 Rfc8 24. g4 hxg3 25. hxg3 a5 26. g4 Nh6 27. f5
Nh4 28. Rg3 Bg5 29. Ra1 a4 30. Ra2 Rc4 31. b3 Rcc8 32. bxa4 Nf7 33. Kf2 Bd8 34.
Bd2 Rc4 35. a5 Ng5 36. Bxg5 Bxg5 37. a6 Rc6 38. a7 Rc7 39. Rga3 Be7 40. Ra5 Rd7
41. Nf4 Bd8 42. Ra6 Kf8 43. Ne6+ Kg8 44. Nxd8 Rdxd8 45. Kg3 {Normal} 1-0

[Event "Rated Blitz game"]
[Site "?"]
[Date "2021.01.01"]
[Round "?"]
[White "sibichess2003"]
[Black "zim36"]
[Result "0-1"]
[WhiteElo "2369"]
[BlackElo "2436"]
[PlyCount "34"]
[EventDate "2021.??.??"]
[EventType "blitz"]
[TimeControl "180"]

1. e4 Nf6 2. Nc3 e5 3. Nf3 Nc6 4. Nxe5 Nxe5 5. d4 Bd6 6. dxe5 Bxe5 7. Bd3 O-O
8. O-O Re8 9. Kh1 c6 10. Bg5 h6 11. Bxf6 Qxf6 12. Qd2 Bf4 13. Qd1 Bc7 14. f4
Qd4 15. f5 Qe5 16. f6 g6 17. Qd2 Qxh2# {Normal} 0-1

[Event "Chess.com Bullet Open 1"]
[Site "chess.com INT"]
[Date "2020.12.19"]
[Round "14"]
[White "Navalgund, N."]
[Black "Comsa, Ciprian-Mihai"]
[Result "1-0"]
[WhiteElo "2289"]
[BlackElo "1893"]
[PlyCount "41"]
[EventDate "2020.12.19"]

1. e4 e5 2. Nf3 Nc6 3. Nc3 Nf6 4. Nxe5 Nxe5 5. d4 Ng6 6. e5 Ng8 7. Bc4 d6 8. f4
dxe5 9. fxe5 Bb4 10. O-O Be6 11. d5 Bxc3 12. bxc3 Qe7 13. Be3 b6 14. dxe6 fxe6
15. Qf3 Rd8 16. Bb5+ Rd7 17. Qa8+ Qd8 18. Qc6 Ke7 19. Bg5+ Nf6 20. exf6+ gxf6
21. Bxf6+ 1-0

[Event "Euro Online Blitz Quali"]
[Site "Tornelo INT"]
[Date "2020.12.18"]
[Round "1.137"]
[White "Polok, K."]
[Black "Kacharava, Nikolozi"]
[Result "0-1"]
[WhiteElo "2272"]
[BlackElo "2443"]
[PlyCount "54"]
[EventDate "2020.12.18"]
[EventType "blitz"]

1. e4 e5 2. Nf3 Nf6 3. Nc3 Nc6 4. Nxe5 Nxe5 5. d4 Nc6 6. d5 Ne7 7. e5 Nfg8 8.
d6 Nc6 9. Nb5 cxd6 10. exd6 Qf6 11. Be3 Nh6 12. Bc4 Nf5 13. Nc7+ Kd8 14. Nxa8
Nxe3 15. fxe3 Qh4+ 16. g3 Qxc4 17. Rf1 Qe6 18. Qf3 Bxd6 19. O-O-O f6 20. g4 Be5
21. Kb1 b6 22. g5 Bb7 23. Nxb6 axb6 24. h4 Nb4 25. Qxb7 Qxa2+ 26. Kc1 Qxb2+ 27.
Kd2 Qxc2+ 0-1

[Event "85th ch-ESP 2020"]
[Site "Linares ESP"]
[Date "2020.09.07"]
[Round "8.37"]
[White "Carmona Huertas, Juan Antonio"]
[Black "Sanchez Lopez, Jesus"]
[Result "1/2-1/2"]
[WhiteElo "2012"]
[BlackElo "1896"]
[PlyCount "175"]
[EventDate "2020.08.31"]
[EventType "swiss"]
[EventRounds "9"]
[EventCountry "ESP"]
[SourceTitle "Updates"]
[Source "OMOTB"]
[SourceDate "2020.10.26"]
[SourceVersion "3"]
[SourceVersionDate "2020.10.27"]
[SourceQuality "2"]

1. e4 e5 2. Nf3 Nc6 3. Nc3 Nf6 4. Nxe5 Nxe5 5. d4 Ng6 6. e5 Ng8 7. Bc4 Bb4 8.
Qf3 Qe7 9. O-O Bxc3 10. bxc3 Nh6 11. Bxh6 gxh6 12. Rae1 O-O 13. Qe3 Kg7 14. f4
f5 15. exf6+ Qxf6 16. f5 Nh4 17. Qe7+ Qxe7 18. Rxe7+ Kf6 19. Re4 Nxg2 20. Kxg2
b5 21. Bd5 c6 22. Bb3 Bb7 23. c4 a5 24. a3 Rae8 25. Rh4 Kg5 26. Rhf4 Kf6 27. c5
Re2+ 28. R1f2 Rfe8 29. Kg3 R8e3+ 30. R2f3 Ba6 31. Rxe3 Rxe3+ 32. Rf3 Rxf3+ 33.
Kxf3 Kxf5 34. Bg8 b4 35. axb4 axb4 36. Bxh7+ Kf6 37. Kf4 Bc4 38. Bf5 b3 39.
cxb3 Bxb3 40. Bxd7 Bd5 41. Bf5 Bc4 42. Be4 Bb5 43. Kg4 Ba4 44. Bf3 Bb5 45. Kh5
Kg7 46. Bg4 Bc4 47. Bd7 Bd5 48. Kg4 Kf6 49. Kf4 Bg2 50. Bf5 Bf1 51. Bc8 Bc4 52.
Bb7 Bb5 53. d5 cxd5 54. Bxd5 Bd7 55. Ke4 Be8 56. Bg8 Bc6+ 57. Bd5 Be8 58. Kd4
Bd7 59. Bf3 Be8 60. Kd5 Ke7 61. Be2 Bd7 62. Ba6 Be8 63. Bb7 Bd7 64. Kc4 Kd8 65.
Kb4 Kc7 66. Bd5 Be8 67. Kc3 Bc6 68. Bxc6 Kxc6 69. Kc4 h5 70. h4 Kc7 71. Kd5 Kd7
72. c6+ Kc7 73. Kc5 Kc8 74. Kd6 Kd8 75. Ke6 Kc7 76. Kd5 Kc8 77. Ke6 Kc7 78. Kf6
Kxc6 79. Kg6 Kd7 80. Kxh5 Ke7 81. Kg6 Kf8 82. Kh7 Kf7 83. h5 Kf6 84. h6 Kf7 85.
Kh8 Kf8 86. Kh7 Kf7 87. Kh8 Kf8 88. h7 1/2-1/2

[Event "Titled Tuesday 1st Sept"]
[Site "chess.com INT"]
[Date "2020.09.01"]
[Round "6"]
[White "Mikhailovsky, Vladimir"]
[Black "Kaminski, V."]
[Result "0-1"]
[WhiteElo "2228"]
[BlackElo "2247"]
[PlyCount "50"]
[EventDate "2020.09.01"]
[EventType "swiss (blitz)"]
[EventRounds "10"]
[SourceTitle "Updates"]
[Source "OMOTB"]
[SourceDate "2020.10.26"]
[SourceVersion "3"]
[SourceVersionDate "2020.10.27"]
[SourceQuality "2"]

1. e4 e5 2. Nf3 Nc6 3. Nc3 Nf6 4. Nxe5 Nxe5 5. d4 Ng6 6. e5 Ng8 7. Bc4 d5 8.
Bxd5 N8e7 9. Bb3 c6 10. Qf3 Be6 11. Be3 Nd5 12. Ne4 Be7 13. O-O-O Qa5 14. h4 h5
15. Bg5 Bg4 16. Qg3 Bxd1 17. Bxe7 Kxe7 18. Qg5+ Kf8 19. Rxd1 Qd8 20. Qf5 Qxh4
21. Qd7 Qxe4 22. Qxb7 Re8 23. Qxc6 Qf4+ 24. Kb1 Nde7 25. Qd7 Qg4 0-1

[Event "Titled Tuesday 30th June"]
[Site "chess.com INT"]
[Date "2020.06.30"]
[Round "5"]
[White "Navalgund, N."]
[Black "Vittal, Sanjana"]
[Result "0-1"]
[WhiteElo "2289"]
[BlackElo "1961"]
[PlyCount "178"]
[EventDate "2020.06.30"]
[EventType "swiss (blitz)"]
[EventRounds "10"]
[SourceTitle "Updates"]
[Source "OMOTB"]
[SourceDate "2020.10.26"]
[SourceVersion "3"]
[SourceVersionDate "2020.10.27"]
[SourceQuality "2"]

1. e4 e5 2. Nf3 Nc6 3. Nc3 Nf6 4. Nxe5 Nxe5 5. d4 Nc6 6. e5 Ng8 7. Bc4 Bb4 8.
Qf3 Qe7 9. Be3 Bxc3+ 10. bxc3 d6 11. exd6 cxd6 12. O-O Nf6 13. Bg5 O-O 14. Rfe1
Qd8 15. Re4 d5 16. Rf4 dxc4 17. Rxf6 gxf6 18. Bxf6 Qd7 19. h3 Qf5 20. Qxf5 Bxf5
21. g4 Bg6 22. h4 Bxc2 23. Rc1 Bd3 24. Kh2 Rfe8 25. Kg3 Re6 26. g5 Rae8 27. Rh1
Ne5 28. h5 Nd7 29. d5 Rxf6 30. gxf6 Nxf6 31. d6 Rd8 32. Kf4 Rxd6 33. h6 Kf8 34.
Rg1 Bg6 35. Rg5 Re6 36. Rc5 Nd7 37. Rc7 Rd6 38. Rxb7 a5 39. Ra7 Nc5 40. Rxa5
Nd3+ 41. Ke3 Re6+ 42. Kd4 Rc6 43. f3 Ke7 44. Ra8 Bf5 45. a4 Rxh6 46. Kxc4 Ne5+
47. Kd5 Nxf3 48. Ra7+ Kf6 49. a5 Kg7 50. a6 Bd3 51. c4 Rh5+ 52. Kd6 Bxc4 53.
Ra8 Bxa6 54. Ke7 Rh6 55. Rd8 Re6+ 56. Kd7 Bb5+ 57. Kc7 Ne5 58. Rd1 h5 59. Rg1+
Kh7 60. Rh1 Rh6 61. Rh4 Ng6 62. Rb4 h4 63. Rxb5 h3 64. Rb1 h2 65. Rh1 Ne5 66.
Rf1 Ng4 67. Rxf7+ Kg6 68. Rf4 h1=Q 69. Rxg4+ Kf5 70. Rc4 Qd1 71. Rc5+ Kg4 72.
Rc4+ Kf3 73. Rc3+ Ke2 74. Kb7 Qb1+ 75. Kc8 Rh5 76. Rc7 Qb6 77. Re7+ Kf3 78.
Rf7+ Ke4 79. Re7+ Re5 80. Rf7 Re8+ 81. Kd7 Qb5+ 82. Kd6 Rd8+ 83. Ke7 Qb7+ 84.
Kf6 Rd6+ 85. Kg7 Rd7 86. Rxd7 Qxd7+ 87. Kf6 Qd5 88. Ke7 Qc6 89. Kf8 Qd7 0-1

[Event "Titled Tuesday 16th June"]
[Site "chess.com INT"]
[Date "2020.06.16"]
[Round "7"]
[White "Hilmi, Parveen"]
[Black "Kirichenko, V1."]
[Result "1/2-1/2"]
[WhiteElo "1809"]
[BlackElo "2292"]
[PlyCount "86"]
[EventDate "2020.06.16"]
[EventType "swiss (blitz)"]
[EventRounds "10"]
[SourceTitle "Updates"]
[Source "OMOTB"]
[SourceDate "2020.10.26"]
[SourceVersion "3"]
[SourceVersionDate "2020.10.27"]
[SourceQuality "2"]

1. e4 e5 2. Nf3 Nc6 3. Nc3 Nf6 4. Nxe5 Nxe5 5. d4 Ng6 6. e5 Ng8 7. Bc4 d6 8.
Qf3 Be6 9. Qxb7 Be7 10. d5 Bf5 11. e6 Nf6 12. exf7+ Kxf7 13. O-O Bxc2 14. Bg5
h6 15. Bxf6 Bxf6 16. Rac1 Bf5 17. Nb5 Re8 18. Qxc7+ Kg8 19. Qxd6 Bxb2 20. Rcd1
Qg5 21. f4 Qg4 22. Rd2 Bf6 23. Qc7 Rac8 24. d6+ Kh7 25. d7 Bxd7 26. Qxd7 Qxd7
27. Rxd7 Rxc4 28. Rxa7 Nxf4 29. g3 Ne2+ 30. Kg2 Be5 31. Rff7 Rc2 32. Nd6 Nf4+
33. Kf3 Rc3+ 34. Kg4 h5+ 35. Kf5 Bxd6 36. Rxg7+ Kh8 37. Rh7+ Kg8 38. Rag7+ Kf8
39. Rf7+ Kg8 40. Rhg7+ Kh8 41. Rh7+ Kg8 42. Rhg7+ Kh8 43. Rh7+ Kg8 1/2-1/2

[Event "Titled Tuesday 16th June"]
[Site "chess.com INT"]
[Date "2020.06.16"]
[Round "4"]
[White "Sankalp Baliarsingh"]
[Black "Jolly, J."]
[Result "0-1"]
[WhiteElo "1760"]
[BlackElo "2378"]
[PlyCount "78"]
[EventDate "2020.06.16"]
[EventType "swiss (blitz)"]
[EventRounds "10"]
[SourceTitle "Updates"]
[Source "OMOTB"]
[SourceDate "2020.10.26"]
[SourceVersion "3"]
[SourceVersionDate "2020.10.27"]
[SourceQuality "2"]

1. e4 e5 2. Nf3 Nc6 3. Nc3 Nf6 4. Nxe5 Nxe5 5. d4 Ng6 6. e5 Bb4 7. exf6 Qxf6 8.
Qe2+ Qe7 9. Bg5 f6 10. Bd2 Qxe2+ 11. Bxe2 Bxc3 12. Bxc3 d5 13. O-O-O c6 14. Bf3
Kf7 15. g3 h5 16. h4 Bg4 17. Bxg4 hxg4 18. Rde1 Ne7 19. Kd2 Nf5 20. Kd3 Nd6 21.
Bd2 Ne4 22. Be3 Rae8 23. a4 Re6 24. b3 Rhe8 25. c4 Nd6 26. Rc1 Nf5 27. Rhe1 b6
28. cxd5 cxd5 29. Rc7+ R8e7 30. Rec1 Nxe3 31. Rxe7+ Kxe7 32. fxe3 Kd7 33. Rf1
Re4 34. Rf5 Kd6 35. h5 Ke6 36. Rf2 f5 37. Rc2 Kf6 38. Rc7 Re7 39. Rc8 Rd7 0-1

[Event "Anti-cheating Blitz Cup"]
[Site "chess.com INT"]
[Date "2020.05.20"]
[Round "1"]
[White "Riccobon, Elia"]
[Black "Svetina, Tommaso"]
[Result "1-0"]
[WhiteElo "1924"]
[BlackElo "1044"]
[PlyCount "30"]
[EventDate "2020.05.20"]
[EventType "swiss (blitz)"]
[EventRounds "11"]
[SourceTitle "Updates"]
[Source "OMOTB"]
[SourceDate "2020.10.26"]
[SourceVersion "3"]
[SourceVersionDate "2020.10.27"]
[SourceQuality "2"]

1. e4 e5 2. Nf3 Nc6 3. Nc3 Nf6 4. Nxe5 Nxe5 5. d4 Ng6 6. e5 Ng8 7. Qf3 Bb4 8.
Bc4 Qe7 9. O-O d6 10. Nd5 Qe6 11. Nxc7+ Ke7 12. Nxe6 Bxe6 13. Qxb7+ Kd8 14.
Qxa8+ Kc7 15. Qxa7+ Kc6 1-0

[Event "Bremen Silvester Open"]
[Site "Bremen GER"]
[Date "2019.12.29"]
[Round "6.7"]
[White "Jung, Gera"]
[Black "Wielebinski, Paul Martin"]
[Result "1-0"]
[WhiteElo "1918"]
[BlackElo "2069"]
[PlyCount "63"]
[EventDate "2019.12.27"]
[EventType "swiss"]
[EventRounds "7"]
[EventCountry "GER"]
[SourceTitle "OM OTB B 201907"]
[Source "Opening Master"]
[SourceDate "2019.07.06"]
[SourceVersion "2"]
[SourceVersionDate "2019.07.06"]
[SourceQuality "1"]

1. Nc3 e5 2. e4 Nf6 3. Nf3 Nc6 4. Nxe5 Nxe5 5. d4 Ng6 6. e5 Ng8 7. Bc4 Bb4 8.
O-O Bxc3 9. bxc3 d5 10. Bd3 Nh6 11. Bxh6 gxh6 12. f4 Qh4 13. g3 Qg4 14. Be2 Qh3
15. Rf2 Rg8 16. Bf1 Qg4 17. Be2 Qd7 18. f5 Nh4 19. Bh5 Qc6 20. e6 Kf8 21. Bxf7
Rg5 22. Qd3 Qc4 23. Qe3 Qc6 24. Re1 Bd7 25. exd7 Qxd7 26. Be6 Qe7 27. f6 Qd6
28. Bxd5 Ng6 29. Bb3 Rd8 30. Rfe2 Qxf6 31. Rf2 Rf5 32. Qxh6+ 1-0